Etudy, op. 25 piano /

Hlavní autor: Nowakowski, Józef, 1800-1865
Další autoři: Mikelka, Emil, 1894-1949
Jazyk: Nelze použít, není lingvistický obsah
Vydáno: Praha : Melantrich, 1949
Vydání: 1. vyd.
Edice: Edice Pražské konzervatoře
Fyzický popis: 1 partitura (67 s.)
Hudebniny Hudebniny
Uloženo v:
LEADER 00904ncm a22002652a 4500
001 000850135
003 CZ BrMZK
005 20150520133022.0
007 qu
008 070510s1949 xr |||||||||||||| zxx d
040 |a BOA001  |b cze 
072 7 |a 786  |x Hudba pro klávesové nástroje  |2 Konspekt  |9 9 
100 1 |a Nowakowski, Józef,  |d 1800-1865  |7 kup20000000071469  |4 cmp 
245 1 0 |a Etudy, op. 25  |h [hudebnina] :  |b piano /  |c Józef Nowakowski ; revidoval Emil Mikelka 
246 3 1 |a Etudes 
250 |a 1. vyd. 
260 |a Praha :  |b Melantrich,  |c 1949 
300 |a 1 partitura (67 s.) 
490 1 |a Edice Pražské konzervatoře 
700 1 |a Mikelka, Emil,  |d 1894-1949  |7 kup20000000065229  |4 edt 
830 0 |a Edice Pražské konzervatoře 
910 |a BOA001  |b Mus4-0229.007 
990 |a MU 
991 |b 201211 
996 6 |b 2610643927  |c Mus4-0229.007  |l MZK  |r Sklad / do 1 hodiny  |n 0  |w 000850135  |u 000020  |a 1  |e BOA001  |j MZK50  |s P